000 00906nam a22001937a 4500
005 20240530110515.0
008 160117s2013 ua a g b 000 0 ara d
040 _aEG-CaGPL
082 0 4 _221
_a953\
_bأ ت
100 0 _aاحمد مختار العبادى .
245 1 0 _aتاريخ العصر الاسلامى الوسيط :
_bفى الحضارة العربية الاسلامية : فى الجيش و البحرية و اسلحة القتال فى العصر الاسلامى الوسيط /
_cاحمد مختار العبادى .
250 _aط1.
260 _aالاسكندرية :
_bمؤسسة شباب الجامعة ،
_c2013 .
300 _a331 ص :
_bايض ؛
_c24 سم .
504 _aيشتمل على ارجاعات ببليوجرافية
651 0 4 _aالعالم الاسلامى
_xالاحوال السياسية .
942 _2ddc
_cBK
999 _c61767
_d61767